000 00752nam a2200253Ia 4500
003 OSt
005 20221005063200.0
006 a|||||r|||| 00| 0
007 ta
008 221004b |||||||| |||| 00| 0 eng d
020 _a9781788731188 (pbk)
_cUKP 16.99
024 _a41237
037 _bBBS/21, 21/01/2019, Better Book Service
_cTextual
040 _aCRL
_cCRL
_beng
041 _2eng
_aeng
082 _aV6, Q8
100 _aRodney Walter Au.
_9602642
245 0 _aHow europe underdeveloped Africa
260 _aLondon
_bVerso UK
_c2018
300 _axxxiii,394p.
_ccm.
650 _aAFRICA - HISTORY
942 _hV6, Q8
_cTEXL
_2cc
999 _c971039
_d971039